| 000 | 03357nab a2200313 i 4500 | ||
|---|---|---|---|
| 003 | BR-BrBNA | ||
| 005 | 20240514115826.0 | ||
| 008 | 240514b2016 bl.mr|pooa||| 00| 0 eng | | ||
| 040 |
_aBR-BrBNA _beng |
||
| 072 |
_aM12 _b8140 |
||
| 100 | _aRodrigues, Ana Paula Oeda | ||
| 100 | _aLima, Adriana Ferreira | ||
| 100 | _aMaciel, Patricia Oliveira | ||
| 100 | _aSantos, Patrícia Resplandes Rocha dos | ||
| 100 | _aFlores, Roberto Manolio Valladão | ||
| 100 | _aSilva, Adriano Prysthon da | ||
| 245 | _aStocking density during the initial grow-out phase of tambatinga in net pens | ||
| 500 | _aPublicação on-line; 32 ref.; 2 tables; Sumaries (En, Pt) | ||
| 520 | _a ABSTRACT - The aim of this study was to determine the most adequate stocking density for tambatinga during the initial grow-out phase in net pens, considering fish growth, health, and financial aspects. Three stocking densities (400, 500, and 600 fish m-3) ere evaluated for 60 days in a completely randomized design (n=4). There were no significant differences among the stocking densities for growth performance parameters, but yield was higher in the density of 600 fish m-3 (3,909.43±397.79kg m-3) compared to 400 fish m-3 (2,656.43±665.45kg m-3). Glucose, hematocrit, and total plasma proteins levels did not differ among treatments. The production was economically feasible for the three stocking densities. However, the density of 600 fish m-3 showed the highest profit. According to the results, 600 fish m-3 is the most adequate density for the initial grow-out phase of tambatinga in net pens. Key words: ♀Colossoma macropomum x ♂Piaractus brachypomus, small-scale fish farming, growth performance, economic analysis. | ||
| 520 | _a RESUMO - O objetivo deste trabalho foi determinar a melhor densidade de estocagem para a tambatinga durante a fase de recria em tanques-rede, considerando o desempenho zootécnico, sanitário e econômico. Foram avaliadas três densidades de estocagem (400, 500 e 600 peixes m-3) durante 60 dias, em delineamento inteiramente ao acaso (n=4). Não houve diferença para os índices de desempenho analisados entre as densidades de estocagem avaliadas, com exceção da produtividade, que foi maior para a densidade de 600 peixes m-3 (3909,43±397,79kg m-3) em comparação à densidade de 400 peixes m-3 (2656,43±665,45kg m-3). Glicose plasmática, hematócrito e proteínas plasmáticas não diferiram entre os tratamentos. A produção foi economicamente viável nas três densidades de estocagem avaliadas. No entanto, a densidade de 600 peixes m-3 apresentou maior lucro em comparação às demais. A melhor densidade de estocagem para a recria da tambatinga em tanque-rede é de 600 peixes m-3. Palavras-chave: ♀Colossoma macropomum x ♂Piaractus brachypomus, piscicultura familiar, desempenho, análise econômica. | ||
| 650 | _aPEIXE DE ÁGUA DOCE | ||
| 650 | _aPISICULTURA | ||
| 650 | _aESTOCAGEM | ||
| 650 | _aANÁLISE ECONÔMICA | ||
| 773 | 0 |
_02408 _9314889 _dSanta Maria-RS Universidade Federal de Santa Maria - Centro de Ciências Rurais 1991 _o2024-1140 _tCiência Rural (Brazil) _x0103-8478 _gv. 46(1) p. 163-168; (2016) _wBR2024000891 |
|
| 856 | _uhttps://www.scielo.br/j/cr/a/jYBZpjrs434dsDx9nbdQxNH/?format=pdf&lang=en | ||
| 942 | _cAnalítica | ||
| 999 |
_c299580 _d299580 |
||